000 00729nam a22002417a 4500
003 OSt
005 20140310182439.0
008 130311t xxu||||| |||| 00| 0 eng d
020 _a9749823354
050 _aRM 172
_b.M62 2005
100 _aHarmening, Denise M.
_97681
245 _aModern blood banking and transfusion practices /
_cDenise M. Harmening.
250 _a5th ed.
260 _aPhiladelphia :
_bF.A. Davis Company,
_cc2005.
300 _c28 cm.
_a543 p. :
_bill. (some col.) ;
650 _aBlood Banks.
_xMethods
_97682
650 _aBlood grouping and crossmatching.
_97683
650 _aImmnunohematology.
_97684
942 _2lcc
_cSSLC
999 _c13493
_d13493